| 000 | 01139cab a2200313 4500 | ||
|---|---|---|---|
| 001 | ABS53166 | ||
| 008 | 090401t1995 xxu||||| |||| 00| 0 eng d | ||
| 035 | _a(Sirsi) u2482 | ||
| 041 | _aeng | ||
| 100 | _aBingham, T. | ||
| 245 | _aBarely on speaking terms | ||
| 260 | _c1995 | ||
| 350 | _a0 | ||
| 490 |
_aBuilding _v260(7899) 7 July 1995, 34-35(2) |
||
| 520 | _aLooks at "Tindall Ltd v LKF Ltd" ORB (1995), which concerned the payment of a sub-subcontractor by the subcontractor, who was not paid adequately by the contractor, who went bankrupt. An oral contract was made between the subcontractors. The subcontractor had been employed by the contractor under a measure and value BEC form of contract, GW/S. | ||
| 650 | _aBACK TO BACK | ||
| 650 | _aBEC FORM OF CONTRACT | ||
| 650 | _aBUILT ENVIRONMENT-BUILDING CONTRACT FORMS | ||
| 650 | _aDISCOUNTS | ||
| 650 | _aLUMP SUM | ||
| 650 | _aMEASURE AND VALUE | ||
| 650 | _aOVERTIME | ||
| 650 | _aPAY WHEN PAID | ||
| 650 | _aSUB-SUBCONTRACTORS | ||
| 650 | _aVAT WATKINS LTD | ||
| 690 | _aBUILT ENVIRONMENT-BUILDING CONTRACT FORMS | ||
| 942 | _n0 | ||
| 948 | _c04/03/1997 | ||
| 999 |
_c1500 _d1500 |
||